| 000 | 01004nam a22002777a 4500 | ||
|---|---|---|---|
| 999 |
_c46424 _d46424 |
||
| 001 | 20070 | ||
| 003 | CO-MdFUSB | ||
| 005 | 20180622073201.0 | ||
| 008 | 171127t1988 xxu||||| |||| 00| 0 eng d | ||
| 020 | _a0-8146-1283-0 | ||
| 040 |
_aCO-MdFUSB _bspa _cCO-MdFUSB _dCO-MdFUSBC _erda |
||
| 041 | _aeng | ||
| 082 | 0 | 4 | _aG 226.507 B87717g |
| 100 | 1 |
_aBrown, Raymond E. _eautor |
|
| 245 | 1 | 4 |
_aThe gospel and epistles of John _b : A concise commentary _c/ Raymond E. Brown |
| 264 | 4 |
_aCollegeville, Minnesota : _bThe Liturgical Press, _c©1988 |
|
| 300 | _a136 páginas | ||
| 336 |
_2rdacontent _atexto _btxt |
||
| 337 |
_2rdamedia _asin mediación _bn |
||
| 338 |
_2rdacarrier _avolumen _bnc |
||
| 501 | _aRústico | ||
| 505 | 0 | 0 | _aIntroducción al evangelio de Juan - Texto y comentario sobre el evangelio de Juan - Introducción a las epístolas de Juan - Texto y comentario sobre las epístolas |
| 653 | _aBiblia N.T. - Evangelios - Juan | ||
| 653 | _aEpístolas de Juan - Comentarios | ||
| 942 | _cBK | ||